000
00276nam a22001217a 4500
008
140417t xxu||||| |||| 00| 0 eng d
020
_a
978-1904842415
100
_a
R. Luxton
_9
823
245
_a
Clinical Biochemistry
250
_a
2nd Edition
300
_a
253
942
_2
ddc
_c
BK
999
_c
17070
_d
17070